La compañera
Furkejuvvon:
| Váldodahkki: | |
|---|---|
| Materiálatiipa: | Girji |
| Giella: | espánnjágiella |
| Almmustuhtton: |
Santiago
Nascimento
1956
|
| Fáttát: | |
| Fáddágilkorat: |
Lasit fáddágilkoriid
Eai fáddágilkorat, Lasit vuosttaš fáddágilkora!
|
MARC
| LEADER | 00000nam a2200000 a 4500 | ||
|---|---|---|---|
| 001 | UCX4501 | ||
| 003 | CL-VaPUC | ||
| 008 | 920527e19560000CL |||||||||||||||||spa|d | ||
| 082 | 0 | 4 | |a Ch861 |b BAR |2 21 |
| 100 | 0 | |a Barquero, Efraín |e author |9 320674 | |
| 245 | 1 | 3 | |a La compañera |
| 300 | |a 97 p | ||
| 942 | |c BK | ||
| 945 | |d 19920527 00:00:00 | ||
| 260 | |a Santiago |b Nascimento |c 1956 | ||
| 650 | 0 | |a Poesías chilenas |9 265280 | |
| 583 | |a last modification |c 19920527 00:00:00 |k Rodrigo Vera | ||
| 999 | |c 224940 |d 224938 | ||
| 952 | |0 0 |1 0 |4 0 |6 CH_861_000000000000000_BAR_1956 |7 0 |8 A |9 222039 |a BIBEDU |b BIBEDU |d 2019-11-15 |i 3138070 |o Ch861 BAR 1956 |p 3138070 |r 2019-11-15 |w 2019-11-15 |y BK |k LIT | ||